Pixar Characters by Picture - Statistics

General Stats
  • This quiz has been taken 133 times
  • The average score is 13 of 19
Answer Stats
Picture Hint Answer % Correct
2022 Buzz Lightyear
97%
2003 Nemo
92%
1995 Woody Pride
91%
2006 Montgomery "Lightning" McQueen
90%
2008 WALL·E
89%
2007 Remy
88%
2015 Joy
87%
2001 James P. Sullivan
84%
2012 Merida
82%
2021 Luca Paguro
81%
2004 Mr. Incredible/Bob Parr
80%
2009 Carl Fredricksen
72%
2017 Miguel Rivera
63%
2023 Ember Lumen
47%
1998 Flik
44%
2022 Mei Lee
44%
2015 Arlo
41%
2020 Joe Gardner
30%
2020 Ian Lightfoot
23%
No matching quizzes found
Score Distribution
Percent of People with Each Score
Percentile by Number Answered
Your Score History
You have not taken this quiz